000
00330nam a2200145Ia 4500
005
20251222152555.0
008
251222s9999||||xx |||||||||||||| ||spa||
020
_a
9788484286011
082
_a
891.73/T68
100
_a
Tolstoi, Lev N.
245
0
_a
Amo y Criado
250
_a
1ra.ed.
264
_b
Alba Editorial
942
_c
LIB
999
_c
26379
_d
26379